[Event "Team Championship (women blitz)"]
[Site "Sochi"]
[Date "2017.10.05"]
[Round "2.4"]
[White "Gritsayeva, Oksana"]
[Black "Travkina, Anastasia"]
[Result "0-1"]
[LiveChessVersion "1.4.8"]
[BlackElo "2099"]
[WhiteElo "2216"]

1. e4 {[%clk 0:03:03]} c5 {[%clk 0:03:04]} 2. Nf3 {[%clk 0:03:05]} d6
{[%clk 0:03:05]} 3. Bc4 {[%clk 0:03:03]} Nf6 {[%clk 0:03:03]} 4. d3
{[%clk 0:03:04]} g6 {[%clk 0:03:04]} 5. e5 {[%clk 0:02:58]} dxe5 {[%clk 0:03:03]}
6. Nxe5 {[%clk 0:02:59]} e6 {[%clk 0:03:03]} 7. O-O {[%clk 0:02:57]} Bg7
{[%clk 0:03:03]} 8. Nc3 {[%clk 0:02:55]} O-O {[%clk 0:03:01]} 9. Bg5
{[%clk 0:02:28]} Nbd7 {[%clk 0:02:49]} 10. Nxd7 {[%clk 0:02:19]} Bxd7
{[%clk 0:02:48]} 11. Ne4 {[%clk 0:02:14]} h6 {[%clk 0:02:30]} 12. Nxf6+
{[%clk 0:02:12]} Bxf6 {[%clk 0:02:29]} 13. Bxh6 {[%clk 0:02:13]} Re8
{[%clk 0:02:24]} 14. Rb1 {[%clk 0:02:00]} Bc6 {[%clk 0:02:23]} 15. Qg4
{[%clk 0:01:54]} b5 {[%clk 0:02:05]} 16. Bb3 {[%clk 0:01:53]} Qc7
{[%clk 0:02:02]} 17. h4 {[%clk 0:01:46]} Rad8 {[%clk 0:01:43]} 18. h5
{[%clk 0:01:16]} Rd4 {[%clk 0:01:43]} 19. f4 {[%clk 0:01:16]} c4 {[%clk 0:01:19]}
20. dxc4 {[%clk 0:01:09]} bxc4 {[%clk 0:01:20]} 21. hxg6 {[%clk 0:00:52]} cxb3
{[%clk 0:01:12]} 22. gxf7+ {[%clk 0:00:31]} Kxf7 {[%clk 0:01:13]} 23. f5
{[%clk 0:00:28]} Rxg4 {[%clk 0:01:12]} 0-1

[Event "Team Championship (women blitz)"]
[Site "Sochi"]
[Date "2017.10.05"]
[Round "2.5"]
[White "Ambartsumova, Karina"]
[Black "Bodnaruk, Anastasia"]
[Result "0-1"]
[LiveChessVersion "1.4.8"]
[BlackElo "2439"]
[WhiteElo "2347"]

1. d4 {[%clk 0:03:03]} Nf6 {[%clk 0:03:04]} 2. Nf3 {[%clk 0:03:03]} g6
{[%clk 0:03:05]} 3. g3 {[%clk 0:03:04]} Bg7 {[%clk 0:03:06]} 4. Bg2
{[%clk 0:03:05]} O-O {[%clk 0:03:07]} 5. O-O {[%clk 0:03:05]} d6 {[%clk 0:03:09]}
6. c4 {[%clk 0:03:06]} Nc6 {[%clk 0:03:10]} 7. Nc3 a6 8. Bf4 {[%clk 0:03:07]} h6
{[%clk 0:03:04]} 9. Qc1 {[%clk 0:03:08]} g5 {[%clk 0:03:03]} 10. Bd2
{[%clk 0:03:09]} Bf5 {[%clk 0:02:49]} 11. d5 {[%clk 0:02:48]} Na5
{[%clk 0:02:39]} 12. b3 {[%clk 0:02:46]} c5 {[%clk 0:02:34]} 13. h4
{[%clk 0:02:23]} g4 {[%clk 0:02:33]} 14. Ne1 {[%clk 0:02:20]} h5 {[%clk 0:02:26]}
15. e4 {[%clk 0:02:21]} Bg6 {[%clk 0:02:26]} 16. Nd3 {[%clk 0:01:53]} e5
{[%clk 0:02:05]} 17. dxe6 {[%clk 0:01:38]} fxe6 {[%clk 0:02:06]} 18. Nf4
{[%clk 0:01:28]} Bf7 {[%clk 0:02:06]} 19. Qc2 {[%clk 0:01:25]} Nc6
{[%clk 0:02:03]} 20. Be3 {[%clk 0:01:17]} Nd4 {[%clk 0:01:42]} 21. Qd2
{[%clk 0:01:12]} Nd7 {[%clk 0:01:30]} 22. Rad1 {[%clk 0:00:52]} Rb8
{[%clk 0:01:07]} 23. Nce2 {[%clk 0:00:48]} e5 {[%clk 0:01:03]} 24. Nd5
{[%clk 0:00:33]} Bxd5 {[%clk 0:00:59]} 25. cxd5 {[%clk 0:00:15]} Nf3+
{[%clk 0:00:47]} 26. Bxf3 {[%clk 0:00:16]} gxf3 {[%clk 0:00:41]} 27. Nc3
{[%clk 0:00:17]} Nf6 {[%clk 0:00:42]} 28. Bg5 {[%clk 0:00:18]} Qd7
{[%clk 0:00:42]} 29. Kh2 {[%clk 0:00:11]} Ng4+ {[%clk 0:00:39]} 30. Kg1
{[%clk 0:00:12]} b5 {[%clk 0:00:36]} 31. a4 {[%clk 0:00:07]} Rf7 {[%clk 0:00:31]}
32. axb5 {[%clk 0:00:08]} axb5 {[%clk 0:00:32]} 33. Ra1 {[%clk 0:00:09]} b4
{[%clk 0:00:21]} 34. Nd1 {[%clk 0:00:10]} Rbf8 {[%clk 0:00:17]} 35. Ne3
{[%clk 0:00:11]} Nxe3 {[%clk 0:00:13]} 36. fxe3 {[%clk 0:00:10]} f2+
{[%clk 0:00:10]} 37. Kg2 {[%clk 0:00:03]} Qg4 {[%clk 0:00:11]} 38. Ra2
{[%clk 0:00:03]} Rf3 {[%clk 0:00:12]} 0-1

[Event "Team Championship (women blitz)"]
[Site "Sochi"]
[Date "2017.10.05"]
[Round "2.6"]
[White "Ovod, Evgenija"]
[Black "Nebolsina, Vera"]
[Result "1/2-1/2"]
[LiveChessVersion "1.4.8"]
[BlackElo "2176"]
[WhiteElo "2191"]

1. d4 {[%clk 0:03:03]} Nf6 {[%clk 0:03:03]} 2. Bg5 {[%clk 0:03:04]} d5
{[%clk 0:03:03]} 3. e3 {[%clk 0:03:05]} c5 {[%clk 0:03:03]} 4. Bxf6
{[%clk 0:03:05]} gxf6 {[%clk 0:03:04]} 5. dxc5 {[%clk 0:03:05]} e6
{[%clk 0:02:58]} 6. c4 {[%clk 0:03:06]} dxc4 {[%clk 0:02:57]} 7. Nd2
{[%clk 0:03:06]} Nd7 {[%clk 0:02:58]} 8. Bxc4 {[%clk 0:03:03]} Nxc5
{[%clk 0:02:57]} 9. Qc2 {[%clk 0:02:43]} Bd7 {[%clk 0:02:49]} 10. Ngf3
{[%clk 0:02:44]} Rc8 {[%clk 0:02:39]} 11. O-O {[%clk 0:02:34]} f5
{[%clk 0:02:20]} 12. Rac1 {[%clk 0:01:57]} Bg7 {[%clk 0:02:14]} 13. Rfd1
{[%clk 0:01:53]} Qb6 {[%clk 0:01:55]} 14. b3 {[%clk 0:01:41]} O-O
{[%clk 0:01:51]} 15. e4 {[%clk 0:01:27]} fxe4 {[%clk 0:01:25]} 16. Nxe4
{[%clk 0:01:28]} Nxe4 {[%clk 0:01:20]} 17. Qxe4 {[%clk 0:01:29]} Bc6
{[%clk 0:01:20]} 18. Qg4 {[%clk 0:01:24]} Bxf3 19. Qxf3 {[%clk 0:01:25]} Qc6
{[%clk 0:01:08]} 20. Qxc6 {[%clk 0:01:05]} Rxc6 {[%clk 0:01:09]} 21. Be2
{[%clk 0:01:05]} Rxc1 {[%clk 0:00:59]} 22. Rxc1 {[%clk 0:01:06]} Be5
{[%clk 0:01:00]} 1/2-1/2

[Event "Team Championship (women blitz)"]
[Site "Sochi"]
[Date "2017.10.05"]
[Round "2.7"]
[White "Shafigullina, Zarina"]
[Black "Belenkaya, Dina"]
[Result "0-1"]
[LiveChessVersion "1.4.8"]
[BlackElo "2204"]
[WhiteElo "2041"]

1. d4 {[%clk 0:03:03]} d5 {[%clk 0:03:03]} 2. Nf3 {[%clk 0:03:04]} Nf6
{[%clk 0:03:04]} 3. g3 {[%clk 0:03:05]} g6 {[%clk 0:03:06]} 4. Bg2
{[%clk 0:03:06]} Bg7 {[%clk 0:03:07]} 5. O-O {[%clk 0:03:07]} O-O
{[%clk 0:03:07]} 6. c4 {[%clk 0:03:08]} c6 {[%clk 0:03:08]} 7. Nc3
{[%clk 0:03:03]} dxc4 {[%clk 0:03:08]} 8. Ne5 {[%clk 0:03:04]} Be6
{[%clk 0:02:52]} 9. e4 {[%clk 0:02:40]} Nbd7 {[%clk 0:02:51]} 10. Nf3
{[%clk 0:02:25]} Nb6 {[%clk 0:02:50]} 11. Qe2 {[%clk 0:02:23]} Qc8
{[%clk 0:02:45]} 12. Rd1 {[%clk 0:02:23]} Bg4 {[%clk 0:02:41]} 13. Qe1
{[%clk 0:02:09]} Rd8 {[%clk 0:02:39]} 14. Qf1 {[%clk 0:02:07]} Ne8
{[%clk 0:02:29]} 15. Be3 {[%clk 0:02:06]} e6 {[%clk 0:02:04]} 16. h3
{[%clk 0:02:05]} Bxf3 {[%clk 0:02:04]} 17. Bxf3 {[%clk 0:02:06]} Nd6
{[%clk 0:02:04]} 18. Bg5 {[%clk 0:01:57]} Rd7 {[%clk 0:02:03]} 19. Bg2
{[%clk 0:01:42]} Nb5 {[%clk 0:02:02]} 20. Nxb5 {[%clk 0:01:34]} cxb5
{[%clk 0:02:02]} 21. Be3 {[%clk 0:01:32]} Qd8 {[%clk 0:02:01]} 22. d5
{[%clk 0:01:20]} exd5 {[%clk 0:01:54]} 23. Bxb6 {[%clk 0:01:19]} axb6
{[%clk 0:01:52]} 24. exd5 {[%clk 0:01:14]} Bxb2 {[%clk 0:01:53]} 25. Rab1
{[%clk 0:01:07]} Rxa2 {[%clk 0:01:49]} 26. h4 {[%clk 0:00:52]} Qc7
{[%clk 0:01:32]} 27. Qe2 {[%clk 0:00:44]} c3 {[%clk 0:01:31]} 28. Qe8+
{[%clk 0:00:40]} Kg7 {[%clk 0:01:32]} 29. d6 {[%clk 0:00:35]} Qd8
{[%clk 0:01:32]} 30. Qe5+ {[%clk 0:00:27]} Qf6 {[%clk 0:01:33]} 31. Qxb5
{[%clk 0:00:06]} Rxd6 {[%clk 0:01:29]} 32. Qb3 {[%clk 0:00:06]} Ra3
{[%clk 0:00:45]} 33. Qc2 {[%clk 0:00:05]} b5 {[%clk 0:00:37]} 34. Bd5
{[%clk 0:00:03]} b4 {[%clk 0:00:35]} 35. Bb3 {[%clk 0:00:04]} Raa6
{[%clk 0:00:34]} 36. Bc4 {[%clk 0:00:04]} Rac6 {[%clk 0:00:34]} 37. Bb3
{[%clk 0:00:05]} Rc7 {[%clk 0:00:35]} 38. Rxd6 {[%clk 0:00:04]} Qxd6
{[%clk 0:00:36]} 39. Rd1 Qf6 {[%clk 0:00:32]} 40. Qd3 {[%clk 0:00:05]} Re7
{[%clk 0:00:32]} 41. Qc2 {[%clk 0:00:05]} b6 {[%clk 0:00:25]} 42. Rf1
{[%clk 0:00:04]} Qf3 {[%clk 0:00:24]} 43. Qd1 {[%clk 0:00:03]} Qxd1
{[%clk 0:00:18]} 44. Rxd1 {[%clk 0:00:04]} Ra7 {[%clk 0:00:19]} 45. Rd6
{[%clk 0:00:03]} Ra3 {[%clk 0:00:15]} 46. Bc4 {[%clk 0:00:00]} c2
{[%clk 0:00:15]} 0-1

[Event "Team Championship (women blitz)"]
[Site "Sochi"]
[Date "2017.10.05"]
[Round "2.8"]
[White "Styazhkina, Anna"]
[Black "Markelova, Lubov"]
[Result "1-0"]
[LiveChessVersion "1.4.8"]
[BlackElo "2068"]
[WhiteElo "2198"]

1. e4 e6 2. d4 {[%clk 0:03:02]} d5 {[%clk 0:03:05]} 3. Nd2 {[%clk 0:03:03]} dxe4
{[%clk 0:03:06]} 4. Nxe4 {[%clk 0:03:03]} Bd7 {[%clk 0:03:07]} 5. Nf3
{[%clk 0:02:59]} Bc6 {[%clk 0:03:08]} 6. Bd3 {[%clk 0:02:56]} Nd7
{[%clk 0:03:09]} 7. O-O {[%clk 0:02:53]} Ngf6 {[%clk 0:03:10]} 8. Ng3
{[%clk 0:02:53]} g6 {[%clk 0:03:11]} 9. c3 {[%clk 0:02:44]} Bg7 {[%clk 0:03:11]}
10. Bg5 {[%clk 0:02:43]} h6 {[%clk 0:03:12]} 11. Bf4 {[%clk 0:02:37]} O-O
{[%clk 0:03:05]} 12. Qd2 {[%clk 0:02:26]} Kh7 {[%clk 0:03:02]} 13. Ne5
{[%clk 0:02:11]} Nxe5 {[%clk 0:02:26]} 14. Bxe5 {[%clk 0:02:11]} b6
{[%clk 0:02:14]} 15. f4 {[%clk 0:02:01]} Bb7 {[%clk 0:01:36]} 16. Rae1
{[%clk 0:01:11]} c5 {[%clk 0:01:13]} 17. f5 {[%clk 0:00:19]} exf5
{[%clk 0:01:06]} 18. Bxf5 {[%clk 0:00:20]} cxd4 {[%clk 0:00:35]} 19. Bb1
{[%clk 0:00:08]} Ng4 {[%clk 0:00:15]} 20. Bxg7 {[%clk 0:00:07]} Kxg7
{[%clk 0:00:16]} 21. cxd4 {[%clk 0:00:07]} Qh4 {[%clk 0:00:15]} 22. h3
{[%clk 0:00:03]} Qxg3 {[%clk 0:00:14]} 23. hxg4 {[%clk 0:00:04]} Qxg4
{[%clk 0:00:13]} 24. d5 {[%clk 0:00:05]} Rad8 {[%clk 0:00:11]} 25. Qc3+
{[%clk 0:00:06]} Kh7 {[%clk 0:00:11]} 26. Re7 {[%clk 0:00:07]} Bxd5
{[%clk 0:00:10]} 27. Qc2 {[%clk 0:00:06]} Be6 {[%clk 0:00:08]} 28. Qf2
{[%clk 0:00:04]} Kg7 {[%clk 0:00:08]} 29. Qf6+ {[%clk 0:00:05]} Kh7
{[%clk 0:00:07]} 30. Re1 {[%clk 0:00:06]} Bd5 {[%clk 0:00:07]} 31. Qf2
{[%clk 0:00:06]} Kg7 {[%clk 0:00:03]} 32. b3 {[%clk 0:00:05]} a5 {[%clk 0:00:03]}
33. R1e2 {[%clk 0:00:05]} a4 {[%clk 0:00:03]} 34. Qxb6 {[%clk 0:00:05]} Qxe2
{[%clk 0:00:03]} 35. Rxe2 {[%clk 0:00:05]} Be6 {[%clk 0:00:04]} 36. Kh2
{[%clk 0:00:06]} Rd1 {[%clk 0:00:05]} 37. Be4 {[%clk 0:00:07]} Rd4
{[%clk 0:00:05]} 38. Qxd4+ {[%clk 0:00:08]} Kh7 {[%clk 0:00:06]} 39. Qxa4
{[%clk 0:00:08]} 1-0

[Event "Team Championship (women blitz)"]
[Site "Sochi"]
[Date "2017.10.05"]
[Round "2.9"]
[White "Pogonina, Natalija"]
[Black "Garifullina, Leya"]
[Result "1-0"]
[LiveChessVersion "1.4.8"]
[BlackElo "1872"]
[WhiteElo "2401"]

1. d4 {[%clk 0:03:02]} Nf6 {[%clk 0:02:59]} 2. Nf3 {[%clk 0:03:02]} e6
{[%clk 0:03:00]} 3. c4 {[%clk 0:03:02]} b6 {[%clk 0:03:01]} 4. g3
{[%clk 0:03:01]} Ba6 {[%clk 0:03:01]} 5. b3 {[%clk 0:03:01]} Be7 {[%clk 0:02:53]}
6. Bg2 {[%clk 0:03:01]} c6 {[%clk 0:02:54]} 7. O-O {[%clk 0:03:00]} O-O
{[%clk 0:02:54]} 8. a4 {[%clk 0:02:47]} d5 {[%clk 0:02:49]} 9. Qc2
{[%clk 0:02:47]} Nbd7 {[%clk 0:02:35]} 10. a5 {[%clk 0:02:47]} c5
{[%clk 0:01:53]} 11. Bb2 {[%clk 0:02:15]} b5 {[%clk 0:01:31]} 12. dxc5
{[%clk 0:02:08]} bxc4 {[%clk 0:01:25]} 13. b4 {[%clk 0:01:57]} Qc7
{[%clk 0:01:06]} 14. Nc3 {[%clk 0:01:53]} Rfb8 {[%clk 0:01:07]} 15. Ba3
{[%clk 0:01:41]} Bb7 {[%clk 0:00:45]} 16. Nd4 {[%clk 0:01:25]} a6
{[%clk 0:00:44]} 17. e4 {[%clk 0:01:17]} Bf8 {[%clk 0:00:33]} 18. exd5
{[%clk 0:01:17]} exd5 {[%clk 0:00:31]} 19. Rfe1 {[%clk 0:01:12]} Ne5
{[%clk 0:00:31]} 20. h3 {[%clk 0:00:56]} Nd3 {[%clk 0:00:32]} 21. Re3
{[%clk 0:00:55]} Bc6 {[%clk 0:00:31]} 22. Rb1 {[%clk 0:00:49]} Rb7
{[%clk 0:00:29]} 23. Bf1 {[%clk 0:00:41]} Ne5 {[%clk 0:00:23]} 24. Rbe1
{[%clk 0:00:40]} Ned7 {[%clk 0:00:23]} 25. Bg2 {[%clk 0:00:39]} Rab8
{[%clk 0:00:23]} 26. Qd2 {[%clk 0:00:35]} g6 {[%clk 0:00:18]} 27. Nxc6
{[%clk 0:00:35]} Qxc6 {[%clk 0:00:18]} 28. Nxd5 {[%clk 0:00:35]} Qb5
{[%clk 0:00:05]} 29. Nxf6+ {[%clk 0:00:33]} Nxf6 {[%clk 0:00:06]} 30. Bxb7
{[%clk 0:00:30]} Rxb7 {[%clk 0:00:07]} 31. Qd8 {[%clk 0:00:27]} Rb8
{[%clk 0:00:07]} 32. Qxf6 {[%clk 0:00:27]} 1-0

[Event "Team Championship (women blitz)"]
[Site "Sochi"]
[Date "2017.10.05"]
[Round "2.10"]
[White "Stepanyan, Eva"]
[Black "Girya, Olga"]
[Result "0-1"]
[LiveChessVersion "1.4.8"]
[BlackElo "2338"]
[WhiteElo "1760"]

1. e4 {[%clk 0:03:03]} c6 {[%clk 0:03:04]} 2. d4 {[%clk 0:03:04]} d5
{[%clk 0:03:05]} 3. Nc3 {[%clk 0:03:05]} dxe4 {[%clk 0:03:05]} 4. Nxe4
{[%clk 0:03:06]} Bf5 {[%clk 0:03:07]} 5. Ng3 {[%clk 0:03:07]} Bg6
{[%clk 0:03:08]} 6. h4 {[%clk 0:03:09]} h6 {[%clk 0:03:08]} 7. Nf3
{[%clk 0:03:10]} e6 {[%clk 0:03:06]} 8. h5 {[%clk 0:03:01]} Bh7 {[%clk 0:03:07]}
9. Bd3 {[%clk 0:03:01]} Bxd3 {[%clk 0:03:07]} 10. Qxd3 {[%clk 0:03:02]} Nf6
{[%clk 0:03:07]} 11. Bd2 {[%clk 0:03:00]} c5 {[%clk 0:03:05]} 12. Qb5+
{[%clk 0:02:46]} Qd7 {[%clk 0:03:03]} 13. Qxd7+ {[%clk 0:02:45]} Nbxd7
{[%clk 0:03:02]} 14. O-O-O {[%clk 0:02:26]} cxd4 {[%clk 0:02:39]} 15. Nxd4
{[%clk 0:02:27]} Bc5 {[%clk 0:02:13]} 16. Be3 {[%clk 0:02:06]} O-O
{[%clk 0:02:06]} 17. Rhe1 {[%clk 0:01:55]} Nd5 {[%clk 0:02:02]} 18. Ne4
{[%clk 0:01:41]} Bb6 {[%clk 0:01:56]} 19. Kb1 {[%clk 0:01:35]} N7f6
{[%clk 0:01:53]} 20. Nxf6+ {[%clk 0:01:34]} Nxf6 {[%clk 0:01:54]} 21. Rh1
{[%clk 0:00:52]} Rfd8 {[%clk 0:01:55]} 22. c3 {[%clk 0:00:35]} Rd5
{[%clk 0:01:52]} 23. Kc2 {[%clk 0:00:21]} Rad8 {[%clk 0:01:46]} 24. Rd2
{[%clk 0:00:14]} Nxh5 {[%clk 0:01:18]} 25. g4 {[%clk 0:00:03]} Nf6
{[%clk 0:01:17]} 26. Rg1 {[%clk 0:00:03]} Ne4 {[%clk 0:01:12]} 27. Rdd1
{[%clk 0:00:04]} e5 {[%clk 0:01:12]} 28. Nf3 {[%clk 0:00:05]} Rxd1
{[%clk 0:01:03]} 29. Rxd1 {[%clk 0:00:06]} Rxd1 {[%clk 0:01:02]} 30. Kxd1
{[%clk 0:00:07]} Bxe3 {[%clk 0:00:54]} 31. fxe3 {[%clk 0:00:08]} Nf2+
{[%clk 0:00:55]} 32. Ke2 {[%clk 0:00:09]} Nxg4 {[%clk 0:00:56]} 33. c4
{[%clk 0:00:07]} Kf8 {[%clk 0:00:57]} 34. b4 {[%clk 0:00:07]} Ke7
{[%clk 0:00:57]} 35. e4 f6 36. c5 {[%clk 0:00:06]} g5 {[%clk 0:00:42]} 37. Ng1
{[%clk 0:00:04]} h5 {[%clk 0:00:42]} 38. Nf3 {[%clk 0:00:05]} h4 {[%clk 0:00:43]}
39. Ng1 {[%clk 0:00:05]} Ke6 {[%clk 0:00:41]} 40. Kf3 {[%clk 0:00:06]} Nh6
{[%clk 0:00:41]} 41. Nh3 {[%clk 0:00:06]} g4+ {[%clk 0:00:42]} 42. Kg2
{[%clk 0:00:05]} gxh3+ {[%clk 0:00:43]} 43. Kxh3 {[%clk 0:00:06]} f5
{[%clk 0:00:42]} 0-1

[Event "Team Championship (women blitz)"]
[Site "Sochi"]
[Date "2017.10.05"]
[Round "2.11"]
[White "Nechaeva, Marina"]
[Black "Chekletsova, Darya"]
[Result "1-0"]
[LiveChessVersion "1.4.8"]
[BlackElo "1383"]
[WhiteElo "2347"]

1. d4 {[%clk 0:03:03]} d5 {[%clk 0:03:04]} 2. c4 {[%clk 0:03:04]} e6
{[%clk 0:03:05]} 3. Nc3 {[%clk 0:03:05]} Nf6 {[%clk 0:03:06]} 4. cxd5
{[%clk 0:03:06]} exd5 {[%clk 0:03:07]} 5. Bg5 {[%clk 0:03:07]} Be7 6. e3
{[%clk 0:03:06]} O-O {[%clk 0:03:07]} 7. Bd3 {[%clk 0:03:05]} h6 {[%clk 0:03:08]}
8. Bh4 {[%clk 0:03:06]} b6 {[%clk 0:03:07]} 9. Nf3 {[%clk 0:03:01]} Bb7
{[%clk 0:03:06]} 10. O-O {[%clk 0:03:00]} Nbd7 {[%clk 0:03:05]} 11. Rc1
{[%clk 0:02:56]} Rc8 {[%clk 0:03:02]} 12. Bb1 {[%clk 0:02:50]} c5
{[%clk 0:02:54]} 13. dxc5 {[%clk 0:02:41]} Nxc5 {[%clk 0:02:49]} 14. Bf5
{[%clk 0:02:07]} Ra8 {[%clk 0:02:36]} 15. Qe2 {[%clk 0:01:28]} Nfe4
{[%clk 0:02:12]} 16. Bxe7 {[%clk 0:01:24]} Qxe7 {[%clk 0:02:01]} 17. Rfd1
{[%clk 0:01:24]} Rfd8 {[%clk 0:01:54]} 18. Nd4 {[%clk 0:01:17]} Nxc3
{[%clk 0:01:46]} 19. Rxc3 {[%clk 0:01:17]} a6 {[%clk 0:01:06]} 20. Qc2
{[%clk 0:00:59]} g6 {[%clk 0:00:19]} 21. Bg4 {[%clk 0:00:57]} h5 {[%clk 0:00:20]}
22. Bh3 {[%clk 0:00:39]} Qf6 {[%clk 0:00:18]} 23. b4 {[%clk 0:00:29]} Ne4
{[%clk 0:00:17]} 24. Rc7 {[%clk 0:00:29]} Bc8 {[%clk 0:00:11]} 25. Bxc8
{[%clk 0:00:29]} Raxc8 {[%clk 0:00:12]} 26. Rxc8 {[%clk 0:00:29]} Rxc8
{[%clk 0:00:10]} 27. Qxc8+ {[%clk 0:00:29]} Kg7 {[%clk 0:00:10]} 28. Qc2
{[%clk 0:00:30]} Kh7 {[%clk 0:00:10]} 29. f3 {[%clk 0:00:30]} Ng5
{[%clk 0:00:09]} 30. Qd3 {[%clk 0:00:28]} Kg7 {[%clk 0:00:09]} 31. h4
{[%clk 0:00:28]} Ne6 {[%clk 0:00:08]} 32. Nxe6+ {[%clk 0:00:28]} Qxe6
{[%clk 0:00:09]} 33. Qd4+ {[%clk 0:00:29]} Kh7 {[%clk 0:00:09]} 34. Rc1
{[%clk 0:00:30]} Qe7 {[%clk 0:00:07]} 35. Rc8 {[%clk 0:00:30]} Qd7
{[%clk 0:00:06]} 36. Rh8# {[%clk 0:00:30]} 1-0

[Event "Team Championship (women blitz)"]
[Site "Sochi"]
[Date "2017.10.05"]
[Round "2.12"]
[White "Murzina, Agata"]
[Black "Kovanova, Baira"]
[Result "0-1"]
[LiveChessVersion "1.4.8"]
[BlackElo "2286"]
[WhiteElo "1764"]

1. e4 {[%clk 0:03:02]} e5 {[%clk 0:03:04]} 2. Nf3 {[%clk 0:03:03]} d6
{[%clk 0:03:04]} 3. Nc3 {[%clk 0:03:03]} Nf6 {[%clk 0:02:56]} 4. d4
{[%clk 0:02:49]} exd4 {[%clk 0:02:56]} 5. Nxd4 {[%clk 0:02:48]} Be7
{[%clk 0:02:57]} 6. Be2 {[%clk 0:02:33]} O-O {[%clk 0:02:56]} 7. O-O
{[%clk 0:02:29]} Re8 {[%clk 0:02:57]} 8. Be3 {[%clk 0:02:04]} Bf8
{[%clk 0:02:55]} 9. Bf3 {[%clk 0:02:01]} Nbd7 {[%clk 0:02:46]} 10. h3
{[%clk 0:01:39]} h6 {[%clk 0:02:33]} 11. Qd2 {[%clk 0:01:33]} Nc5
{[%clk 0:02:29]} 12. Rae1 {[%clk 0:00:58]} Ncxe4 {[%clk 0:02:16]} 13. Nxe4
{[%clk 0:00:55]} Nxe4 {[%clk 0:02:17]} 14. Bxe4 {[%clk 0:00:47]} Rxe4
{[%clk 0:02:17]} 15. Qc3 {[%clk 0:00:38]} d5 {[%clk 0:02:09]} 16. f3
{[%clk 0:00:32]} Re8 {[%clk 0:02:05]} 17. Bf4 {[%clk 0:00:28]} Rxe1
{[%clk 0:01:55]} 18. Rxe1 {[%clk 0:00:26]} c6 {[%clk 0:01:52]} 19. Kh1
{[%clk 0:00:21]} Bd7 {[%clk 0:01:50]} 20. b3 {[%clk 0:00:17]} Qf6
{[%clk 0:01:48]} 21. Bh2 {[%clk 0:00:14]} c5 {[%clk 0:01:32]} 22. Ne2
{[%clk 0:00:11]} d4 {[%clk 0:01:29]} 23. Qd3 {[%clk 0:00:10]} Re8
{[%clk 0:01:26]} 24. Rd1 {[%clk 0:00:09]} Bf5 {[%clk 0:01:17]} 25. Qd2
{[%clk 0:00:10]} Bxh3 {[%clk 0:00:53]} 26. Qd3 {[%clk 0:00:08]} Bf5
{[%clk 0:00:52]} 27. Qd2 {[%clk 0:00:09]} Qh4 {[%clk 0:00:46]} 28. Qf4
{[%clk 0:00:07]} Qxf4 {[%clk 0:00:43]} 29. Nxf4 {[%clk 0:00:08]} Bxc2 30. Rc1 d3
{[%clk 0:00:44]} 31. Nxd3 {[%clk 0:00:05]} Bxd3 {[%clk 0:00:44]} 32. Bf4
{[%clk 0:00:03]} Re2 {[%clk 0:00:42]} 33. a3 {[%clk 0:00:04]} g5 {[%clk 0:00:40]}
34. Bg3 {[%clk 0:00:04]} g4 {[%clk 0:00:39]} 35. fxg4 {[%clk 0:00:04]} Be4
{[%clk 0:00:39]} 36. Rg1 {[%clk 0:00:05]} Bg7 {[%clk 0:00:36]} 37. Bd6
{[%clk 0:00:00]} 0-1

[Event "Team Championship (women blitz)"]
[Site "Sochi"]
[Date "2017.10.05"]
[Round "3.1"]
[White "Garifullina, Leya"]
[Black "Ubiennykh, Ekaterina"]
[Result "0-1"]
[LiveChessVersion "1.4.8"]
[BlackElo "2364"]
[WhiteElo "1872"]

1. e4 {[%clk 0:03:02]} c6 {[%clk 0:03:03]} 2. d4 {[%clk 0:03:00]} d5
{[%clk 0:03:05]} 3. Nc3 {[%clk 0:02:59]} dxe4 {[%clk 0:03:06]} 4. Nxe4
{[%clk 0:03:00]} Bf5 {[%clk 0:03:07]} 5. Ng3 {[%clk 0:03:01]} Bg6
{[%clk 0:03:09]} 6. h4 {[%clk 0:03:00]} h6 {[%clk 0:03:10]} 7. Nf3
{[%clk 0:03:01]} Nd7 {[%clk 0:03:11]} 8. h5 {[%clk 0:03:02]} Bh7 {[%clk 0:03:12]}
9. Bd3 {[%clk 0:03:03]} Bxd3 {[%clk 0:03:13]} 10. Qxd3 {[%clk 0:03:03]} e6
{[%clk 0:03:14]} 11. Bd2 {[%clk 0:02:55]} Ngf6 {[%clk 0:03:14]} 12. Ne4
{[%clk 0:02:55]} Nxe4 {[%clk 0:03:14]} 13. Qxe4 {[%clk 0:02:55]} Nf6
{[%clk 0:03:15]} 14. Qe2 {[%clk 0:02:56]} Rc8 {[%clk 0:03:04]} 15. O-O-O
{[%clk 0:02:50]} Qd5 {[%clk 0:03:04]} 16. c4 {[%clk 0:02:37]} Qe4
{[%clk 0:03:03]} 17. Qxe4 {[%clk 0:02:08]} Nxe4 {[%clk 0:03:04]} 18. Be3
{[%clk 0:02:09]} b5 {[%clk 0:03:04]} 19. c5 {[%clk 0:01:50]} Nf6 {[%clk 0:02:56]}
20. Bf4 {[%clk 0:01:32]} Nd5 {[%clk 0:02:56]} 21. Bg3 {[%clk 0:01:31]} Be7
{[%clk 0:02:47]} 22. Kb1 {[%clk 0:01:19]} Bf6 {[%clk 0:02:45]} 23. Be5
{[%clk 0:01:17]} Kd7 {[%clk 0:02:40]} 24. Bxf6 {[%clk 0:01:15]} gxf6
{[%clk 0:02:41]} 25. g3 {[%clk 0:01:13]} Rhg8 {[%clk 0:02:40]} 26. a3
{[%clk 0:00:57]} Rg4 {[%clk 0:02:40]} 27. Rh4 {[%clk 0:00:48]} Rcg8
{[%clk 0:02:33]} 28. Rdh1 {[%clk 0:00:45]} Rxh4 {[%clk 0:02:26]} 29. Rxh4
{[%clk 0:00:45]} a5 {[%clk 0:02:24]} 30. Kc2 {[%clk 0:00:44]} Ke7
{[%clk 0:02:08]} 31. Rh1 {[%clk 0:00:39]} Rc8 {[%clk 0:01:57]} 32. Re1
{[%clk 0:00:37]} f5 {[%clk 0:01:48]} 33. Ne5 {[%clk 0:00:28]} Nf6
{[%clk 0:01:47]} 34. Rh1 {[%clk 0:00:22]} Ne4 {[%clk 0:01:47]} 35. Rh2
{[%clk 0:00:19]} f6 {[%clk 0:01:47]} 36. Nf3 {[%clk 0:00:16]} Kf7
{[%clk 0:01:43]} 37. Kd3 {[%clk 0:00:12]} Rd8 {[%clk 0:01:44]} 38. Ke3
{[%clk 0:00:12]} Rd5 {[%clk 0:01:35]} 39. Rh1 {[%clk 0:00:11]} e5
{[%clk 0:01:34]} 40. dxe5 {[%clk 0:00:07]} fxe5 {[%clk 0:01:35]} 41. Nh4
{[%clk 0:00:05]} Ke6 {[%clk 0:01:32]} 42. Rg1 {[%clk 0:00:05]} Nxc5
{[%clk 0:01:27]} 43. g4 {[%clk 0:00:04]} f4+ {[%clk 0:01:01]} 44. Ke2
{[%clk 0:00:05]} e4 {[%clk 0:00:59]} 45. Rc1 {[%clk 0:00:03]} f3+
{[%clk 0:00:55]} 46. Ke1 {[%clk 0:00:03]} Nd3+ {[%clk 0:00:56]} 0-1